Statistics for Alliteration by Letter - C

Click here to take the quiz!

General Stats

  • This quiz has been taken 28,994 times
    (16,056 since last reset)
  • The average score is 14 of 22

Answer Stats

ClueAnswer% Correct
He "Discovered" the New WorldChristopher Columbus
97%
Actor who had a Hitler mustacheCharlie Chaplin
83%
Schoolroom jokerClass Clown
81%
It used to be made with cocaineCoca Cola
81%
Time-keeping device featuring a birdCuckoo Clock
79%
Another name for global warmingClimate Change
76%
Massachusetts peninsulaCape Cod
73%
Popular cookie varietyChocolate Chip
66%
She designed the "little black dress"Coco Chanel
66%
Spun sugarCotton Candy
66%
"Friends" actressCourteney Cox
64%
Slices of sandwich meatCold Cuts
62%
U.S. President of the 1920sCalvin Coolidge
59%
Naval mascot of a breakfast cerealCap'n Crunch
57%
Where you might play golf or tennisCountry Club
54%
Something grown for export,
such as coffee or tobacco
Cash Crop
50%
Table game whose board
is a six-sided star
Chinese Checkers
50%
He did "The Twist"Chubby Checker
50%
San Francisco trolleyCable Car
48%
Harry Potter's first kissCho Chang
44%
There's no cure for thisCommon Cold
43%
Group who builds runways
to attract planes filled with goods
Cargo Cult
9%

Score Distribution

Percentile by Number Answered

Percent of People with Each Score

Your Score History

You have not taken this quiz since the last reset